| 000 | 01089nas a2200349 4500 | ||
|---|---|---|---|
| 001 | BR0604603 | ||
| 003 | BR-BrBNA | ||
| 005 | 20231205110432.0 | ||
| 007 | ta | ||
| 008 | 230509b bl.|||p| |||| 00| 00por d | ||
| 040 |
_aBR-BrBNA _bpor _cBiblioteca Nacional de Agricultura |
||
| 041 | _a(En) | ||
| 072 | _aL73 | ||
| 100 | 1 | _aMinho, A.P. | |
| 100 | 1 | _aFreire, R.L. | |
| 100 | 1 | _aVidotto, O. | |
| 100 | 1 | _aGennari, S.M. | |
| 100 | 1 | _aMarana, E.M. | |
| 100 | 1 | _aGarcia, J.L. | |
| 100 | 1 | _aNavarro, I.T. | |
| 245 | 1 | _aEvaluation of the indirect fluorescent antibody and modified agglutination test for detection of antibodies against Toxoplasma gondii in experimentally infected pigs | |
| 650 | _aSUÍNO | ||
| 650 | _aTOXOPLASMA GONDII | ||
| 650 | _aTOXOPLASMOSE | ||
| 650 | _aIMONOFLUORESCÊNCIA | ||
| 650 | _aANTICORPO | ||
| 650 | _aAGLUTINAÇÃO | ||
| 650 | _aINFECÇÃO | ||
| 773 | 0 |
_tPesquisa Veterinária Brasileira (Brazil) _xISSN 0100-736X _g(Oct-Dec 2004), v. 24(4) p. 199-202 _wBR0604603 |
|
| 909 |
_a202311 _bLúcia _c55 _dLúcia Elande |
||
| 942 |
_2AGRIS _n0 _cANA |
||
| 999 |
_c187379 _d187379 |
||